000
00205 a2200097 4500
001
27448
100
_a
Gatland, K
245
_a
Missiles and rockets
260
_a
_b
Blandford
_c
1975
090
_c
18242
_d
18242
942
_a
NUST-CAE
_c
M
_c
9161
999
_c
262521
_d
262521